000 00467nam a22001697a 4500
003 NUST - PNEC
005 20170116181154.0
008 160105b xxu||||| |||| 00| 0 eng d
020 _a-
040 _cLIBRARY
082 _a297.63 GHU
100 _915706
_aGhulam Mohiuddin Naeemi
245 _a Shifa e kamil batareef haqooq e Mustafa
_cHazrat Syed Mufti Ghulam Mohiuddin Naeemi
260 _aFaisalabad:
650 _915707
_aIslam
_xGeneral
942 _2ddc
_cBK
999 _c71093
_d71093